书目信息 |
| 题名: |
学术研究与论文写作
|
|
| 作者: | 麦科马克 , 斯莱特 主编 | |
| 分册: | ||
| 出版信息: | 北京 外语教学与研究出版社 2015 |
|
| 页数: | 198页 | |
| 开本: | 25cm | |
| 丛书名: | ||
| 单 册: | ||
| 中图分类: | H31 , N3 | |
| 科图分类: | ||
| 主题词: | 社会科学--she hui ke xue--研究方法--英语--高等学校--教材 , 自然科学--zi ran ke xue--研究方法--英语--高等学校--教材 , 英语--ying yu--论文--写作--高等学校--教材 | |
| 电子资源: | ||
| ISBN: | 978-7-5135-6123-5 | |
| 000 | 01488nam0 2200301 450 | |
| 001 | 2153134366 | |
| 005 | 20211018173724.0 | |
| 010 | @a978-7-5135-6123-5@dCNY44.90 | |
| 100 | @a20160330d2015 em y0chiy50 ea | |
| 101 | 0 | @aeng@gchi |
| 102 | @aCN@b110000 | |
| 105 | @aa z 000yy | |
| 106 | @ar | |
| 200 | 1 | @a学术研究与论文写作@Axue shu yan jiu yu lun wen xie zuo@dExtended writing & research skills english for academic study@f(爱尔兰)Joan McCormack,(爱尔兰)John Slaght著@zeng |
| 210 | @a北京@c外语教学与研究出版社@d2015 | |
| 215 | @a198页@c图@d25cm | |
| 300 | @a高等学校学术英语(EAP)系列教材 | |
| 330 | @a《学术研究与论文写作》引自Garnet Education的经典学术英语教材,旨在提高中国学生的学术研究与论文写作能力,它以学术研究与论文写作各环节和分项技能的训练为纲,帮助学生培养良好的学术研究和写作习惯。内容讲解简明清晰,练习任务灵活多样,强调学以致用。注重技能的巩固和整合,关注单项技能的边学边练,同时每单元设计Unit summary帮助学生回顾单元所学内容。 | |
| 510 | 1 | @aExtended writing & research skills english for academic study@zeng |
| 606 | 0 | @a社会科学@Ashe hui ke xue@x研究方法@x英语@x高等学校@j教材 |
| 606 | 0 | @a自然科学@Azi ran ke xue@x研究方法@x英语@x高等学校@j教材 |
| 606 | 0 | @a英语@Aying yu@x论文@x写作@x高等学校@j教材 |
| 690 | @aH31@v5 | |
| 690 | @aN3@v5 | |
| 701 | 0 | @c(英 )@a麦科马克@Amai ke ma ke@c(McCormack, Joan)@4主编 |
| 701 | 0 | @c( 英)@a斯莱特@Asi lai te@c(Slaght, John)@4著 |
| 801 | 0 | @aCN@b百万庄@c20211018 |
| 905 | @b1310972-75@dH31@e1806@f4 | |
| 学术研究与论文写作=Extended writing & research skills english for academic study/(爱尔兰)Joan McCormack,(爱尔兰)John Slaght著.-北京:外语教学与研究出版社,2015 |
| 198页:图;25cm |
| 高等学校学术英语(EAP)系列教材 |
| ISBN 978-7-5135-6123-5:CNY44.90 |
| 《学术研究与论文写作》引自Garnet Education的经典学术英语教材,旨在提高中国学生的学术研究与论文写作能力,它以学术研究与论文写作各环节和分项技能的训练为纲,帮助学生培养良好的学术研究和写作习惯。内容讲解简明清晰,练习任务灵活多样,强调学以致用。注重技能的巩固和整合,关注单项技能的边学边练,同时每单元设计Unit summary帮助学生回顾单元所学内容。 |
| ● |
| 相关链接 |
|
|
|
|
正题名:学术研究与论文写作
索取号:H31/1806
 
预约/预借
| 序号 | 登录号 | 条形码 | 馆藏地/架位号 | 状态 | 备注 |
| 1 | 1310972 | 213109722 | 第二样本阅览室/ [索取号:H31/1806] | 在馆 | |
| 2 | 1310973 | 213109731 | 第四借阅区/ [索取号:H31/1806] | 在馆 | |
| 3 | 1310974 | 213109740 | 第四借阅区/ [索取号:H31/1806] | 在馆 | |
| 4 | 1310975 | 213109759 | 第四借阅区/ [索取号:H31/1806] | 在馆 |